| 000 | 00566nam a2200205Ia 4500 | ||
|---|---|---|---|
| 003 | OSt | ||
| 005 | 20260306105915.0 | ||
| 008 | 210210b1953 xxu||||| |||| 00| 0 eng d | ||
| 040 | _cAL | ||
| 041 | _aHindi | ||
| 082 | _a861/212 | ||
| 100 |
_aVARMA (Ramkumar) _dवर्मा (रामकुमार) _9160890 |
||
| 245 |
_aAdhunik kavi _b आधुनिक कवि |
||
| 260 |
_aIllAhAbAd _bHindi Sahity Sammelan _c1953 |
||
| 650 |
_akavi _9160891 |
||
| 650 |
_aAdhunik _9160892 |
||
| 690 |
_aHindi Poetry _9160893 |
||
| 906 | _a023232 | ||
| 942 |
_2ddc _cBK |
||
| 999 |
_c148162 _d148162 |
||